Инверсионные электрохимические методы анионов

מידע ביבליוגרפי
מחבר ראשי: Захаров М. С. Матвей Сафонович
מחבר תאגידי: Тюменский государственный нефтегазовый университет (ТюмГНГУ)
מחברים אחרים: Гунцов А. В. Александр Владимирович, Чемезова К. С. Ксения Сергеевна
סיכום:Изложены основы катодной инверсионной вольтамперометрии анионов. Рассматриваются теоретические основы метода, показаны методы его применения, причем основное внимание уделяется применению инверсионных электрохимических методов в аналитическом контроле различных анионов и органических веществ. Книга предназначена для широкого круга научных и инженерно- технических работников, занимающихся разработкой и применением электрохимических методов в аналитическом контроле. Она может быть полезна преподавателям, аспирантам и студентам, специализирующимся в области аналитической химии и электрохимии.
שפה:רוסית
יצא לאור: Тюмень, Изд-во ТюмГНГУ, 2001
נושאים:
פורמט: ספר
KOHA link:https://koha.lib.tpu.ru/cgi-bin/koha/opac-detail.pl?biblionumber=340464

MARC

LEADER 00000nam0a2200000 4500
001 340464
005 20231102005237.0
010 |a 5884653379 
035 |a (RuTPU)RU\TPU\book\367352 
090 |a 340464 
100 |a 20180328d2001 k y0rusy50 ca 
101 0 |a rus 
102 |a RU 
105 |a a z 001zy 
200 1 |a Инверсионные электрохимические методы анионов  |f М. С. Захаров, А. В. Гунцов, К. С. Чемезова  |g Тюменский государственный нефтегазовый университет (ТюмГНГУ) 
210 |a Тюмень  |c Изд-во ТюмГНГУ  |d 2001 
215 |a 204 с.  |c ил. 
320 |a Библиогр.: с. 196-201 
330 |a Изложены основы катодной инверсионной вольтамперометрии анионов. Рассматриваются теоретические основы метода, показаны методы его применения, причем основное внимание уделяется применению инверсионных электрохимических методов в аналитическом контроле различных анионов и органических веществ. Книга предназначена для широкого круга научных и инженерно- технических работников, занимающихся разработкой и применением электрохимических методов в аналитическом контроле. Она может быть полезна преподавателям, аспирантам и студентам, специализирующимся в области аналитической химии и электрохимии. 
606 1 |a Анионы  |x Химический анализ  |2 stltpush  |3 (RuTPU)RU\TPU\subj\29099  |9 52503 
606 1 |a Вольтамперометрия инверсионная  |2 stltpush  |3 (RuTPU)RU\TPU\subj\72717  |9 86121 
610 1 |a инверсионный электрохимический метод 
610 1 |a электроды 
610 1 |a аппаратура 
610 1 |a растворы 
610 1 |a ионы в растворе 
610 1 |a подвижность 
610 1 |a электронный потенциал 
610 1 |a электрохимическая поляризация 
610 1 |a малорастворимые соединения 
610 1 |a электрорастворение 
610 1 |a электроосаждение 
610 1 |a электрохимическое поведение 
610 1 |a библиотека А. Г. Стромберга 
675 |a 543.21  |v 4 
675 |a 543.552  |v 4 
700 1 |a Захаров  |b М. С.  |g Матвей Сафонович 
701 1 |a Гунцов  |b А. В.  |g Александр Владимирович 
701 1 |a Чемезова  |b К. С.  |g Ксения Сергеевна 
712 0 2 |a Тюменский государственный нефтегазовый университет (ТюмГНГУ)  |c (1994-2016)  |2 stltpush  |3 (RuTPU)RU\TPU\col\99 
801 1 |a RU  |b 63413507  |c 20180328 
801 2 |a RU  |b 63413507  |c 20180417  |g RCR 
942 |c BK